000 00476nam a2200157Ia 4500
008 240729s9999 xx 000 0 und d
022 _a2345-6159
245 0 _aJournal of Rehabilitation Sciences and Research
260 _aIran, Islamic Republic of
260 _bShiraz University of Medical Sciences
650 _a Therapeutics. Pharmacology
650 _aMedicine
856 _uhttps://doaj.org/toc/a4a8b82dbfdf4476852b0d96cee2ba52
942 _2ddc
942 _cDOAJEJ
999 _c73463
_d73463
945 _a1
_bMadushi Gamage
_c1
_dMadushi Gamage